Ručně malovaná mapa Děčínsko = Hand painted map Děčínsko /

Main Author: Pazdera, Miroslav
Language: German
Czech
English
Published: Zlín : Malované Mapy, s r.o., 2015
Edition: 1. vydání
Physical Description: 1 mapa : barevná ; 51 x 77 cm, složeno na 22 x 13 cm
Language note: Český, anglický a německý vlastivědný text na rubu, místní jména na mapě česky a částečně německy
Map
Saved in:
LEADER 01842nem a2200445 i 4500
001 nkc20152704876
003 CZ PrNK
005 20170427094552.0
007 aj canzn
008 150604s2015 xr z a 0 cze
015 |a cnb002704876 
020 |a 978-80-87724-40-8 
034 1 |a a  |b 70000  |d E0140440  |e E0144109  |f N0510335  |g N0504225 
040 |a BOA001  |b cze  |d OLA001  |d ABA001  |e rda 
041 0 |a cze  |a eng  |a ger 
043 |a e-xr---  |b e-xr-us  |2 czenas 
072 7 |a 913(437)  |x Geografie Česka a Slovenska, reálie, cestování  |2 Konspekt  |9 7 
072 7 |a 912  |x Mapy. Atlasy. Glóby  |2 Konspekt  |9 7 
080 |a 913(437.315)  |2 MRF 
080 |a (084.3)  |2 MRF 
100 1 |a Pazdera, Miroslav  |7 ola2013746089  |4 ill 
245 1 0 |a Ručně malovaná mapa Děčínsko =  |b Hand painted map Děčínsko /  |c malba mapy: Miroslav Pazdera 
246 1 |i Název v tiráži:  |a Děčínsko 
246 3 1 |a Hand painted map Děčínsko 
250 |a 1. vydání 
255 |a Měřítko 1:70 000  |c (E 14°04'40"--E 14°41'09"/N 51°03'35"--N 50°42'25") 
264 1 |a Zlín :  |b Malované Mapy, s r.o.,  |c 2015 
300 |a 1 mapa :  |b barevná ;  |c 51 x 77 cm, složeno na 22 x 13 cm 
336 |a kartografický obraz  |b cri  |2 rdacontent 
337 |a bez média  |b n  |2 rdamedia 
338 |a list  |b nb  |2 rdacarrier 
546 |a Český, anglický a německý vlastivědný text na rubu, místní jména na mapě česky a částečně německy 
651 7 |a Děčín (Česko : oblast)  |7 ge128471  |2 czenas 
655 7 |a mapy  |7 fd132800  |2 czenas 
910 2 |a BOA001  |b Mp2-1347.756 
990 |a MP 
995 |a 01 
991 |b 201506  |c NOV  |e n 
996 6 |b 2610635463  |c Mp2-1347.756  |l MZK  |r Sklad / do 1 hodiny  |n 0  |p p.v.  |w 001509797  |u 000010  |a 1  |e BOA001  |j MZK50  |s P 
996 7 |b 2610705746  |c Mp2-1347.756  |l MZK  |r Sklad / do 1 hodiny  |n 0  |p dar  |w 001509797  |u 000020  |a 1  |e BOA001  |j MZK50  |s A